|
|
|
|
| LEADER |
00000nam0a2200000 4500 |
| 001 |
248180 |
| 005 |
20231101232350.0 |
| 035 |
|
|
|a (RuTPU)RU\TPU\book\269886
|
| 090 |
|
|
|a 248180
|
| 100 |
|
|
|a 20140118d1988 k y0rusy50 ca
|
| 101 |
0 |
|
|a rus
|
| 102 |
|
|
|a RU
|
| 105 |
|
|
|a y z 001zy
|
| 200 |
1 |
|
|a Человеческое бытие и бытие произведения искусства
|f Ф. Т. Мартынов
|
| 210 |
|
|
|a Свердловск
|c Изд-во Уральского ун-та
|d 1988
|
| 215 |
|
|
|a 184 с.
|
| 320 |
|
|
|a Библиогр. в примеч.
|
| 606 |
1 |
|
|a Эстетика
|2 stltpush
|3 (RuTPU)RU\TPU\subj\21426
|9 46424
|
| 610 |
1 |
|
|a человеческое бытие
|
| 610 |
1 |
|
|a искусство
|
| 610 |
1 |
|
|a бытие
|
| 610 |
1 |
|
|a методология
|
| 610 |
1 |
|
|a произведения искусства
|
| 610 |
1 |
|
|a искусство
|
| 610 |
1 |
|
|a воздействие на человека
|
| 686 |
|
|
|a Ю812
|v LBC/SL-A
|2 rubbk
|
| 700 |
|
1 |
|a Мартынов
|b Ф. Т.
|g Федор Тимофеевич
|
| 801 |
|
1 |
|a RU
|b 63413507
|c 20140118
|
| 801 |
|
2 |
|a RU
|b 63413507
|c 20140424
|g RCR
|
| 942 |
|
|
|c BK
|